LEADER 00798nam0-22002891i-450- 001 990003107670403321 035 $a000310767 035 $aFED01000310767 035 $a(Aleph)000310767FED01 035 $a000310767 100 $a20000920d1950----km-y0itay50------ba 101 0 $aENG 102 $aIT 200 1 $a<>Introduction to Social Anthropology$fRalph Piddington 210 $aEdinburgh$cOliver & Boyd$d1950 215 $axxvi, 442 p. ill.$d23 cm 300 $aVol.1 610 0 $aAntropologia sociale e culturale 676 $a13110 702 1$aPiddington,$bRalph 801 0$aIT$bUNINA$gRICA$2UNIMARC 901 $aBK 912 $a990003107670403321 952 $a13110 PID$b04046$fSES 959 $aSES 996 $aIntroduction to Social Anthropology$9462476 997 $aUNINA LEADER 00922nam0-22002891i-450- 001 990006386890403321 005 20070302124910.0 035 $a000638689 035 $aFED01000638689 035 $a(Aleph)000638689FED01 035 $a000638689 100 $a20000112d1993----km-y0itay50------ba 101 0 $aita 105 $ay-------001yy 200 1 $aCassiodoro$edalla corte di ravennna al Vivarium di Squillace$eatti del convegno internazionale di studi, Squillace 25-27 ottobre 1990$fa cura di Sandro Leanza 210 $aSoveria Mannelli$cRubbettino$d1993 215 $aXVIII, 318 p.$d23 cm 225 1 $aBibliotheca Vivariensis$v2 676 $a945.013092 801 0$aIT$bUNINA$gRICA$2UNIMARC 901 $aBK 912 $a990006386890403321 952 $aIV M 315 (2)$b35420*$fFGBC 952 $a945.01 CONV SQUILLACE 1990$bBibl.38833$fFLFBC 959 $aFLFBC 996 $aCASSIODORO$9659050 997 $aUNINA